[Event "Skopje ol (Men) fin-A"]
[Site "Skopje"]
[Date "1972.??.??"]
[Round "6"]
[White "Ivkov, Borislav"]
[Black "Diez del Corral, Jesus"]
[Result "1/2-1/2"]
[WhiteElo "2520"]
[BlackElo "2470"]

1.c4 Nf6 2.Nc3 g6 3.e4 d6 4.d4 Bg7 5.Nf3 O-O 6.Be2 e5 7.Be3 Qe7 8.d5 Ng4
9.Bg5 f6 10.Bh4 h5 11.Nd2 a5 12.h3 Nh6 13.f3 Na6 14.a3 Bd7 15.Rb1 Nc5 16.b4 axb4
17.axb4 Na4 18.Nxa4 Rxa4 19.Bf2 Nf7 20.c5 Rfa8 21.Nc4 Ra2  1/2-1/2

[Event "Skopje ol (Men) prel"]
[Site "Skopje"]
[Date "1972.??.??"]
[Round "6"]
[White "Moriarty, TJ."]
[Black "Thorvaldsson, Einar"]
[Result "0-1"]
[WhiteElo "2200"]
[BlackElo "2200"]

1.d4 Nf6 2.c4 g6 3.Nc3 Bg7 4.e4 d6 5.Nf3 O-O 6.Be2 e5 7.d5 Nbd7 8.O-O Nc5
9.Nd2 a5 10.b3 Nfd7 11.a3 f5 12.f3 Nf6 13.Qc2 Nh5 14.Bd1 Nf4 15.Ne2 Ncd3
16.Rb1 Qg5 17.Nxf4 Nxf4 18.g3 Nh3+ 19.Kh1 f4 20.g4 Qh4 21.Kg2 h5 22.b4 axb4
23.axb4 Bd7 24.Be2 Ng5 25.Qd1 hxg4 26.fxg4 Ra2 27.Rb3 Ba4 28.h3  0-1

[Event "Skopje ol (Men) fin-A"]
[Site "Skopje"]
[Date "1972.??.??"]
[Round "6"]
[White "Donner, Jan Hein"]
[Black "Kavalek, Lubomir"]
[Result "1-0"]
[WhiteElo "2470"]
[BlackElo "2555"]

1.d4 Nf6 2.c4 g6 3.Nc3 Bg7 4.e4 d6 5.Be2 O-O 6.Nf3 e5 7.d5 h6 8.Nd2 a5 9.Nf1 Na6
10.g4 Nh7 11.h4 f5 12.gxf5 gxf5 13.exf5 Bxf5 14.Ng3 Qd7 15.Be3 Nb4 16.Rc1 e4
17.Rg1 Nd3+ 18.Bxd3 exd3 19.Nh5 Rf7 20.Kd2 Re8 21.Nxg7 Rxg7 22.Qh5 Bg4 23.Qxh6 Qf5
24.f3 Nf6 25.Rcf1 Qe5 26.fxg4 Nxg4 27.Qxg7+ Qxg7 28.Rxg4 Qxg4 29.Rg1 Qxg1
30.Bxg1 Rf8 31.Be3 Rf3 32.Kxd3 Rh3 33.Nb5 Rh2 34.b3 Rxa2 35.Bd2 c6 36.dxc6 bxc6
37.Nxd6 Ra3 38.Kd4 Rxb3 39.Bxa5  1-0

[Event "Skopje ol (Men) prel"]
[Site "Skopje"]
[Date "1972.??.??"]
[Round "7"]
[White "Aliaga, Juan Carrajal"]
[Black "Sax, Gyula"]
[Result "0-1"]
[WhiteElo "2200"]
[BlackElo "2445"]

1.d4 Nf6 2.c4 g6 3.Nc3 Bg7 4.e4 d6 5.Be2 O-O 6.Nf3 e5 7.d5 a5 8.O-O Na6 9.Qc2 Nh5
10.Ne1 Nf4 11.Nd3 Nb4 12.Qd1 Qg5 13.Nxf4 exf4 14.Bf3 Qe5 15.a3 Na6 16.Rb1 Bd7
17.g3 fxg3 18.hxg3 Nc5 19.Bf4 Qf6 20.Re1 Rfe8 21.b4 axb4 22.axb4 Na4 23.Nxa4 Bxa4
24.Qd3 Bd7 25.c5 Ra2 26.c6 bxc6 27.dxc6 Bh3 28.b5 g5 29.Qd5 Ra3 30.e5 Rxe5
31.Rb3 Rxb3 32.Qxb3 gxf4 33.g4 Qg5  0-1

[Event "Skopje ol (Men) prel"]
[Site "Skopje"]
[Date "1972.??.??"]
[Round "7"]
[White "Smejkal, Jan"]
[Black "Moles, John"]
[Result "1-0"]
[WhiteElo "2545"]
[BlackElo "2270"]

1.Nf3 Nf6 2.c4 g6 3.Nc3 Bg7 4.e4 d6 5.d4 O-O 6.Be2 e5 7.Be3 Qe7 8.d5 Ng4
9.Bg5 f6 10.Bh4 a5 11.Nd2 h5 12.a3 Nh6 13.f3 Nf7 14.Bd3 Bh6 15.Qe2 Nd7 16.Bc2 Nc5
17.b3 Bd7 18.O-O Kh8 19.Kh1 Bg5 20.Bf2 Kg7 21.b4 axb4 22.axb4 Rxa1 23.Rxa1 Na6
24.Rb1 Ra8 25.Ba4 Bxa4 26.Nxa4 Nb8 27.Nc3 Na6 28.Ra1 Qd8 29.Ra4 c5 30.dxc6 bxc6
31.Nb3 Nc7 32.b5 Rxa4 33.Nxa4 Qa8 34.b6 Ne6 35.Qa2 Nfd8 36.h4 Bh6 37.c5 dxc5
38.Nbxc5 Nxc5 39.Bxc5 Nb7 40.Bg1 Qa5 41.Qc2 Be3 42.Qd1 Bxg1 43.Kxg1 Nc5 44.Kh2 Nxa4
45.Qd7+ Kh6 46.b7  1-0

[Event "Skopje ol (Men) prel"]
[Site "Skopje"]
[Date "1972.??.??"]
[Round "7"]
[White "Rodriguez Vargas, Orestes"]
[Black "Gligoric, Svetozar"]
[Result "0-1"]
[WhiteElo "2425"]
[BlackElo "2575"]

1.d4 Nf6 2.c4 g6 3.Nc3 Bg7 4.e4 d6 5.Nf3 O-O 6.Be2 e5 7.d5 Nbd7 8.Bg5 h6
9.Bh4 g5 10.Bg3 Nh5 11.h4 g4 12.Nh2 Nxg3 13.fxg3 f5 14.exf5 Nc5 15.Nxg4 Bxf5
16.O-O e4 17.Qd2 Bxg4 18.Bxg4 Qe7 19.Qe3 Qe5 20.Rxf8+ Rxf8 21.Rf1 Qd4 22.Rxf8+ Kxf8
23.Qxd4 Bxd4+ 24.Kf1 Bxc3 25.bxc3 Na4 26.Kf2 Nxc3 27.a3 b5 28.cxb5 Nxb5 29.Ke3 Nxa3
30.Kxe4 Nc4 31.Bd1 a5 32.g4 Kg7 33.Bc2 Nb6 34.Bb3 Kf6 35.Ba2 a4 36.Kf4 a3
37.Ke4 Nd7 38.Kf4 Ne5 39.g5+ hxg5+ 40.hxg5+ Kg7 41.Kf5 Nd3 42.Ke6 Nb4 43.Bb3 a2
44.Bxa2 Nxa2 45.Kd7 Nc3 46.Kxc7 Ne4  0-1

[Event "Skopje ol (Men) prel"]
[Site "Skopje"]
[Date "1972.??.??"]
[Round "7"]
[White "Wallbridge"]
[Black "Haik, Aldo"]
[Result "0-1"]
[WhiteElo "2200"]
[BlackElo "2200"]

1.d4 Nf6 2.c4 g6 3.Nc3 Bg7 4.e4 d6 5.Nf3 O-O 6.Be2 Nbd7 7.O-O e5 8.d5 a5
9.b3 Nc5 10.Qc2 Nh5 11.Be3 Nf4 12.Ne1 b6 13.f3 f5 14.Nd3 Qg5 15.Bxf4 exf4
16.Nxc5 bxc5 17.Rad1 Bxc3 18.Qxc3 fxe4 19.fxe4 Bd7 20.Qd2 Qe5 21.Rf2 a4 22.Rdf1 axb3
23.axb3 g5 24.Bd3 Ra1 25.Qb2 Rxf1+ 26.Kxf1 Qxb2 27.Rxb2 Rd8 28.Rb1 Kg7 29.Bc2 Kf6
30.Ra1 Ke5 31.Ra7 Be8 32.Rxc7 Bg6 33.Re7+ Kd4 34.Re6 Ra8 35.Rxd6 Ke3 36.Ke1 Ra1+
37.Bd1 Bh5  0-1

[Event "Skopje ol (Men) fin-A"]
[Site "Skopje"]
[Date "1972.??.??"]
[Round "8"]
[White "Ree, Hans"]
[Black "Diez del Corral, Jesus"]
[Result "1-0"]
[WhiteElo "2480"]
[BlackElo "2470"]

1.c4 Nf6 2.Nc3 g6 3.e4 d6 4.d4 Bg7 5.Be2 O-O 6.Nf3 e5 7.d5 a5 8.Bg5 h6 9.Bh4 Na6
10.O-O g5 11.Bg3 Nh5 12.Ne1 Nf4 13.Bg4 Nc5 14.f3 h5 15.Bxc8 Qxc8 16.Bf2 f5
17.Bxc5 dxc5 18.Nc2 fxe4 19.fxe4 Ra6 20.Ne3 Raf6 21.Nf5 R8f7 22.Qd2 Bf8 23.g3 Nh3+
24.Kg2 g4 25.d6 cxd6 26.Nd5 Rg6 27.Nh4 Rxf1 28.Rxf1 Rg5 29.Qxa5 Kh8 30.Rf6 Bg7
31.Rxd6 Kh7 32.Qb6  1-0

[Event "Skopje ol (Men) fin-A"]
[Site "Skopje"]
[Date "1972.??.??"]
[Round "9"]
[White "Hamann, Svend"]
[Black "Huebner, Robert"]
[Result "1/2-1/2"]
[WhiteElo "2490"]
[BlackElo "2590"]

1.d4 Nf6 2.c4 g6 3.Nc3 Bg7 4.e4 O-O 5.Be2 d6 6.Nf3 e5 7.d5 a5 8.Qc2 Na6 9.O-O Nh5
10.g3 f5 11.exf5 Bxf5 12.Qd1 Nf6 13.Nh4 Bh3 14.Ng2 Qd7 15.f3 Nc5 16.Be3 e4
17.f4 Ng4 18.Bxg4 Bxg4 19.Qd2 Rae8 20.Nb5 Nd3 21.Bd4 Bh3 22.Qc3 Bh6 23.Qd2 Ne5
24.Bxe5 dxe5 25.Rae1 exf4 26.gxf4 c6 27.Nc3 Qf5 28.Ne2 Bxg2 29.Ng3 Qg4 30.Qxg2 cxd5
31.cxd5 e3 32.f5 Rf6 33.fxg6 Rxg6 34.Qf3 Qxf3 35.Rxf3 Re5 36.Kf1 Bg5 37.Rd1 Rh6
38.Kg2 Bh4 39.Re1 Bg5 40.Rf5 Rxf5 41.Nxf5 Rb6 42.b3 Rb5 43.Nxe3 Bxe3 44.Rxe3 Rxd5  1/2-1/2

[Event "Skopje ol (Men) fin-C"]
[Site "Skopje"]
[Date "1972.??.??"]
[Round "10"]
[White "Nobrega, Adaucto da"]
[Black "Van Dijk, Bram"]
[Result "1-0"]
[WhiteElo "2200"]
[BlackElo "2200"]

1.d4 Nf6 2.c4 g6 3.Nc3 Bg7 4.e4 d6 5.Nf3 O-O 6.Be2 e5 7.dxe5 dxe5 8.Qxd8 Rxd8
9.Bg5 c6 10.Nxe5 Re8 11.O-O-O Nxe4 12.Nxe4 Bxe5 13.f4 Bf5 14.Ng3 Bg7 15.Nxf5 gxf5
16.Bh5 h6 17.Bh4 Na6 18.Rd7 Re4 19.Bxf7+ Kf8 20.Re1 Nc5 21.Rxe4 fxe4 22.Be7+ Kxf7
23.Bxc5+ Kg8 24.Bd4 Bxd4 25.Rxd4 Re8 26.Kd2 c5 27.Rd5 e3+ 28.Ke2 Re4 29.Rxc5 Rxf4
30.Kxe3 Rf7 31.Re5 Kf8 32.Kd3 Rf1 33.Re2 Kf7 34.c5 Kf6 35.b4 Rb1 36.Kc3 Rc1+
37.Kb2 Rc4 38.Kb3 Rc1 39.Ka3 a6 40.Ka4 Rc3 41.Rb2 Ke7 42.Ka5 Rd3 43.Kb6 Kd7
44.a4 Ke6 45.Re2+ Kf5 46.b5  1-0

[Event "Skopje ol (Men) fin-C"]
[Site "Skopje"]
[Date "1972.??.??"]
[Round "10"]
[White "Aliaga, Juan Carrajal"]
[Black "Rantanen, Yrjo A"]
[Result "0-1"]
[WhiteElo "2200"]
[BlackElo "2200"]

1.d4 Nf6 2.c4 g6 3.Nc3 Bg7 4.e4 d6 5.Be2 O-O 6.Nf3 e5 7.d5 Nbd7 8.O-O Nc5
9.Qc2 a5 10.Ne1 Nfd7 11.Be3 f5 12.exf5 gxf5 13.f4 e4 14.Qd2 Nf6 15.Nc2 Bd7
16.Bd4 Qe7 17.Ne3 Na6 18.Kh1 c5 19.dxc6 bxc6 20.Ned1 Nc5 21.b3 Be6 22.Rb1 Rfd8
23.Nf2 d5 24.cxd5 Nxd5 25.Bxg7 Qxg7 26.Nxd5 cxd5 27.g4 d4 28.Qc1 Qe7 29.gxf5 Bxf5
30.Rg1+ Kh8 31.Rg5 Rf8 32.Bg4 e3 33.Bxf5 Rxf5 34.Nh3 Rxg5 35.Nxg5 h6 36.Nf7+ Qxf7
37.Qxc5 Qb7+  0-1

[Event "Skopje ol (Men) fin-A"]
[Site "Skopje"]
[Date "1972.??.??"]
[Round "10"]
[White "Wirthensohn, Heinz"]
[Black "Vogt, Lothar"]
[Result "0-1"]
[WhiteElo "2315"]
[BlackElo "2400"]

1.c4 g6 2.e4 Bg7 3.d4 d6 4.Nc3 Nf6 5.Be2 O-O 6.Nf3 e5 7.Be3 Qe7 8.d5 a5 9.Nd2 h5
10.f3 Nh7 11.a3 f5 12.O-O f4 13.Bf2 Nd7 14.Rc1 Ndf6 15.b4 axb4 16.axb4 g5
17.c5 g4 18.cxd6 cxd6 19.Nb5 gxf3 20.gxf3 Bh3 21.Rc7 Qd8 22.Bb6 Nd7 23.Nc4 Qg5+
24.Kf2 Bxf1 25.Qxf1 Nxb6 26.Nxb6 Rad8 27.Qh3 Rf6 28.Nc8 Bf8 29.Qg2 Qxg2+
30.Kxg2 Rf7 31.Nb6 Nf6 32.Kf2 Rxc7 33.Nxc7 Be7 34.Ne6 Rb8 35.Bb5 Ne8 36.Kg2 Ng7
37.Bd7 Kf7 38.Kf1 Bd8 39.Nc8 Nxe6 40.Bxe6+ Kf6 41.b5 Ra8 42.Nxd6 Be7 43.Nxb7 Rb8
44.Na5 Rxb5 45.Nc4 Rb4 46.Na5 Rb1+ 47.Kg2 Rb2+ 48.Kf1 Rxh2 49.Nb7 Rc2 50.Bf5 Rc7
51.Na5 Rc1+ 52.Kg2 Bb4 53.Nb7 Ke7 54.d6+ Bxd6 55.Nxd6 Kxd6 56.Bg6 Kc5 57.Bxh5 Kd4
58.Bg4 Ke3  0-1

[Event "Skopje ol (Men) fin-A"]
[Site "Skopje"]
[Date "1972.??.??"]
[Round "11"]
[White "Ree, Hans"]
[Black "Ornstein, Axel"]
[Result "1-0"]
[WhiteElo "2480"]
[BlackElo "2200"]

1.d4 Nf6 2.c4 g6 3.Nc3 Bg7 4.e4 d6 5.Nf3 O-O 6.Be2 e5 7.d5 c5 8.Bg5 h6 9.Bh4 Qe8
10.Nd2 Nh7 11.g4 Bf6 12.Bxf6 Nxf6 13.Nf1 Na6 14.h4 Kg7 15.f3 Nc7 16.Qd2 Bd7
17.Ng3 Nh7 18.O-O-O Qe7 19.Rdg1 Qf6 20.Bd3 Qxf3 21.Kc2 Rh8 22.g5 Qf4 23.Qg2 hxg5
24.Rf1 Nf6 25.Rxf4 exf4 26.Nf5+ Kf8 27.Qxg5  1-0

[Event "Skopje ol (Men) fin-A"]
[Site "Skopje"]
[Date "1972.??.??"]
[Round "11"]
[White "Enklaar, Bertus F"]
[Black "Uddenfeldt, Dan"]
[Result "1/2-1/2"]
[WhiteElo "2410"]
[BlackElo "2270"]

1.Nf3 Nf6 2.c4 g6 3.Nc3 Bg7 4.e4 d6 5.d4 O-O 6.Be2 e5 7.Be3 Ng4 8.Bg5 f6
9.Bh4 Nd7 10.O-O Nh6 11.Qd2 Re8 12.Rad1 Nf7 13.Qc2 c6 14.d5 c5 15.Ne1 h5
16.h3 Nf8 17.Nd3 Bh6 18.a3 Kg7 19.b4 b6 20.Rb1 Bf4 21.bxc5 bxc5 22.Bg3 Bg5
23.Rb2 f5 24.f4 Bf6 25.fxe5 Nxe5 26.Nf4 Kg8 27.Rb3 h4 28.Bh2 g5 29.Nh5 f4
30.Nxf6+ Qxf6 31.Nd1 Bd7 32.Qb1 Nxc4 33.Bxc4 Qd4+ 34.Nf2 Qxc4 35.Rb7 Qc3
36.Kh1 Qf6 37.Re1 Re7 38.Bg1 Ng6 39.e5 Nxe5 40.Ne4 Qg6 41.Qb2 Rf8 42.Nxc5 Qf5
43.Nxd7 Rxd7 44.Rxd7 Qxd7 45.Bd4 f3 46.Bxe5 f2 47.Rf1 dxe5 48.Rxf2 Rxf2 49.Qxf2 Qxd5
50.Qxa7 e4 51.Qe7 Qf5 52.Kg1 Qf4  1/2-1/2

[Event "Skopje ol (Men) fin-C"]
[Site "Skopje"]
[Date "1972.??.??"]
[Round "12"]
[White "Savadkouhi, Massoud Amir"]
[Black "Salinas"]
[Result "1-0"]
[WhiteElo "2200"]
[BlackElo "2200"]

1.e4 g6 2.d4 Bg7 3.c4 d6 4.Nc3 Nf6 5.Be2 O-O 6.Nf3 e5 7.d5 Nbd7 8.Bg5 a5
9.Nd2 Nc5 10.O-O Bd7 11.Qc2 Qc8 12.b3 Kh8 13.a3 b6 14.b4 Nb7 15.Nb3 Ng8 16.Be3 f5
17.f3 Bh6 18.Qd2 Bxe3+ 19.Qxe3 f4 20.Qf2 a4 21.Nc1 g5 22.Nd3 Rf6 23.c5 bxc5
24.bxc5 Nxc5 25.Nxc5 dxc5 26.Qxc5 g4 27.Rac1 g3 28.hxg3 fxg3 29.f4 exf4 30.e5 f3
31.Bxf3 Rh6 32.Qd4 Qd8 33.e6+  1-0

[Event "Skopje ol (Men) fin-C"]
[Site "Skopje"]
[Date "1972.??.??"]
[Round "15"]
[White "German, Eugenio Maciel"]
[Black "Moles, John"]
[Result "1-0"]
[WhiteElo "2200"]
[BlackElo "2270"]

1.d4 Nf6 2.c4 g6 3.Nc3 Bg7 4.e4 d6 5.Be2 O-O 6.Nf3 e5 7.O-O c6 8.d5 c5 9.Bg5 h6
10.Bh4 a6 11.a3 Nbd7 12.Nd2 Qc7 13.b4 h5 14.f3 Bh6 15.Bf2 Ne8 16.Na4 b6 17.Rb1 Bg5
18.Qc2 Rb8 19.Rb2 Bd8 20.Rfb1 Kg7 21.Nb3 Rh8 22.Nc1 Ra8 23.bxc5 bxc5 24.Be1 Bg5
25.Bd2 Qd8 26.Nb3 h4 27.Na5 Bf4 28.Nc6 Qg5 29.Kh1 Nef6 30.Bxf4 exf4 31.Qc3 Ne5
32.Nxe5 dxe5 33.Nxc5 h3 34.Bf1 Nh5 35.Nd3 Ng3+ 36.Kg1 hxg2 37.Bxg2 Qh4 38.Qxe5+  1-0

[Event "Stary Smokovec"]
[Site "Stary Smokovec"]
[Date "1972.??.??"]
[Round "3"]
[White "Banas, Jan"]
[Black "Franzen, Josef"]
[Result "1-0"]
[WhiteElo "2200"]
[BlackElo "2330"]

1.c4 g6 2.e4 d6 3.d4 Nf6 4.Nc3 Bg7 5.Be2 O-O 6.Nf3 e5 7.Be3 Qe7 8.d5 a5 9.Nd2 h5
10.h3 Nh7 11.g4 h4 12.a3 Na6 13.b4 axb4 14.axb4 Bd7 15.Qb1 f5 16.f3 Rae8
17.c5 Nb8 18.Ra7 Bc8 19.Nc4 fxg4 20.fxg4 Ng5 21.Nb5 Nf3+ 22.Kd1 Nd4 23.cxd6 cxd6
24.Nbxd6 Rd8 25.Nxc8 Rxc8 26.Na5 Rc7 27.Bxd4 exd4 28.Nc4 Qf7 29.Qb3 d3 30.Qxd3 Rfc8
31.Rf1 Qe8 32.d6 Rc6 33.Rxb7 Nd7 34.Qd5+ Kh8 35.Rf7 Ra6 36.Rfxd7 Ra1+ 37.Kc2 Rca8
38.Kd3 g5 39.Rxg7 R8a3+ 40.Nxa3 Rd1+ 41.Ke3 Qxe4+ 42.Kxe4 Rd4+ 43.Ke5 Rxd5+
44.Ke6 Rxd6+ 45.Ke7 Re6+ 46.Kd7 Rd6+ 47.Kc7 Rc6+ 48.Kb8 Rc8+ 49.Ka7 Ra8+
50.Kb6 Ra6+ 51.Kb5 Ra5+ 52.Kc6 Rc5+ 53.Kd7 Rd5+ 54.Kc7 Rc5+ 55.bxc5  1-0

[Event "SWE-ch"]
[Site "?"]
[Date "1972.??.??"]
[Round "1"]
[White "Brostrom, Goran"]
[Black "Uddenfeldt, Dan"]
[Result "0-1"]
[WhiteElo "2410"]
[BlackElo "2270"]

1.e4 g6 2.d4 Bg7 3.c4 d6 4.Nc3 Nf6 5.Be2 e5 6.Nf3 O-O 7.Be3 Ng4 8.Bg5 f6
9.Bh4 Nd7 10.O-O Nh6 11.d5 Nf7 12.Ne1 Bh6 13.Bg4 Bg5 14.Bxg5 Nxg5 15.Bxd7 Bxd7
16.Nd3 f5 17.exf5 Bxf5 18.f3 Qe7 19.Nf2 h5 20.Qd2 Bd7 21.Nfe4 Rf4 22.Nxg5 Qxg5
23.Ne2 Rg4 24.Qxg5 Rxg5 25.Ng3 h4 26.Ne4 Rf5 27.h3 Rf4 28.Rae1 Bf5 29.Re3 b6
30.Rfe1 Kg7 31.Kf2 Rf8 32.Ke2 Bxe4 33.Rxe4 Rxe4+ 34.fxe4 Rf4 35.Ke3 g5 36.b4 g4
37.hxg4 Rxg4 38.Kf2 Rg3 39.Rc1 Ra3 40.Rc2 Ra4 41.c5 Kf6 42.cxd6 cxd6 43.Rc6 Kg5
44.Rxd6 Kf4 45.Rh6 Rxa2+ 46.Kg1 Kxe4 47.d6 Ke3 48.Rxh4 Rd2 49.Rh3+ Ke2 50.Rh4 Rd1+
51.Kh2 Rxd6 52.Re4+ Kf2 53.Kh3 Rd3+ 54.g3 Rxg3+ 55.Kh4 Re3 56.Rc4 e4  0-1

[Event "SWE-ch"]
[Site "?"]
[Date "1972.??.??"]
[Round "5"]
[White "Jansson, Borje"]
[Black "Olsson, Ake"]
[Result "1/2-1/2"]
[WhiteElo "2410"]
[BlackElo "2380"]

1.Nf3 Nf6 2.c4 g6 3.Nc3 Bg7 4.e4 d6 5.d4 O-O 6.Be2 e5 7.O-O Nbd7 8.Be3 c6
9.Qc2 Qe7 10.Rad1 Ng4 11.Bg5 f6 12.Bc1 Nh6 13.b4 Nf7 14.d5 c5 15.a3 a6 16.Ne1 b6
17.Bg4 Kh8 18.Be6 Nb8 19.bxc5 bxc5 20.Bxc8 Rxc8 21.Bd2 Nd7 22.Rb1 Rcb8 23.Nd3 f5
24.Rxb8+ Rxb8 25.Rb1 Nd8 26.Rxb8 Nxb8 27.Nc1 f4 28.Qb3 Qc7 29.f3 Bf6 30.Na4 Nd7
31.Qb2 Kg7  1/2-1/2

[Event "SWE-ch"]
[Site "?"]
[Date "1972.??.??"]
[Round "15"]
[White "Uddenfeldt, Dan"]
[Black "Hansson, Dan"]
[Result "1-0"]
[WhiteElo "2270"]
[BlackElo "2200"]

1.d4 Nf6 2.c4 g6 3.Nc3 Bg7 4.e4 d6 5.Nf3 O-O 6.Be2 e5 7.O-O Nbd7 8.d5 Nc5
9.Qc2 a5 10.b3 Nfd7 11.Nd2 Bh6 12.a3 f5 13.exf5 gxf5 14.Rb1 b6 15.b4 axb4
16.axb4 Na6 17.Qa2 Bb7 18.Qb2 Rf7 19.Nf3 Bxc1 20.Qxc1 Rg7 21.Ne1 Qh4 22.f4 e4
23.Nc2 Kh8 24.Ne3 Rag8 25.Rf2 Qf6 26.Qd2 h5 27.Nb5 Nf8 28.Qb2 Qf7 29.Nd4 Bc8
30.Ra1 Qf6 31.Rb1 Qf7 32.Ra1 Qf6 33.Bf1 Ng6 34.Ndxf5 Nxf4 35.Nxg7 Qxb2 36.Rxb2 Rxg7
37.Kh1  1-0

[Event "Teeside"]
[Site "Teeside"]
[Date "1972.??.??"]
[Round "6"]
[White "Keene, Raymond D"]
[Black "Tringov, Georgi P"]
[Result "1/2-1/2"]
[WhiteElo "2465"]
[BlackElo "2490"]

1.Nf3 g6 2.c4 Bg7 3.d4 Nf6 4.Nc3 O-O 5.e4 d6 6.Be2 e5 7.d5 a5 8.O-O Na6 9.Qc2 Nd7
10.Ne1 f5 11.exf5 gxf5 12.f4 Nac5 13.Be3 exf4 14.Bxf4 Ne5 15.Nf3 Bd7 16.Rae1 Qf6
17.Qd2 Nxf3+ 18.Rxf3 Ne4 19.Qc2 Rae8 20.Ref1 Re7 21.Nxe4 fxe4 22.Rg3 Kh8
23.Be3 Qe5 24.Rxf8+ Bxf8 25.Qd2 Bg7 26.Rxg7 Rxg7 27.Bd4 e3 28.Qc3 Qg5 29.Bxg7+ Qxg7
30.Qxe3 Qxb2 31.Qe7 Qd4+ 32.Kf1 Qa1+ 33.Kf2 Qd4+  1/2-1/2

[Event "Teeside"]
[Site "Teeside"]
[Date "1972.??.??"]
[Round "10"]
[White "Gligoric, Svetozar"]
[Black "Tringov, Georgi P"]
[Result "1/2-1/2"]
[WhiteElo "2600"]
[BlackElo "2490"]

1.d4 Nf6 2.c4 g6 3.Nc3 Bg7 4.e4 d6 5.Be2 O-O 6.Nf3 e5 7.d5 Nbd7 8.Qc2 a5
9.Bg5 h6 10.Bh4 Nc5 11.Nd2 g5 12.Bg3 Nfxe4 13.Ncxe4 f5 14.f3 fxe4 15.fxe4 b6
16.Bf2 g4  1/2-1/2

[Event "JUG-ch"]
[Site "Umag"]
[Date "1972.??.??"]
[Round "1"]
[White "Sofrevski, Jovan"]
[Black "Ljubojevic, Ljubomir"]
[Result "1/2-1/2"]
[WhiteElo "2440"]
[BlackElo "2550"]

1.Nf3 g6 2.c4 Bg7 3.d4 d6 4.Nc3 Nd7 5.e4 e5 6.Be2 Ngf6 7.O-O O-O 8.Re1 exd4
9.Nxd4 Re8 10.Bf1 c6 11.Bf4 Nc5 12.Qc2 Ng4 13.Rad1 Be5 14.Bg3 Qf6 15.Qd2 Bxg3
16.hxg3 Rd8 17.Qf4  1/2-1/2

[Event "JUG-ch"]
[Site "Umag"]
[Date "1972.??.??"]
[Round "7"]
[White "Ivkov, Borislav"]
[Black "Minic, Dragoljub"]
[Result "1-0"]
[WhiteElo "2520"]
[BlackElo "2460"]

1.Nf3 Nf6 2.c4 g6 3.Nc3 Bg7 4.e4 d6 5.d4 O-O 6.Be2 e5 7.Be3 Qe7 8.d5 Ng4
9.Bg5 f6 10.Bh4 Qe8 11.h3 Nh6 12.Nd2 f5 13.f3 Na6 14.a3 c5 15.Bd3 f4 16.Rb1 Nf7
17.b4 g5 18.Bf2 b6 19.Bc2 h5 20.Ba4 Qe7 21.Bc6 Rb8 22.Qa4 cxb4 23.axb4 g4
24.hxg4 hxg4 25.Ra1 g3 26.Bg1 Nd8 27.b5 Nc7 28.Qxa7 Nxc6 29.bxc6  1-0

[Event "JUG-ch"]
[Site "Umag"]
[Date "1972.??.??"]
[Round "15"]
[White "Sofrevski, Jovan"]
[Black "Masic, Ljubomir"]
[Result "1-0"]
[WhiteElo "2440"]
[BlackElo "2390"]

1.Nf3 Nf6 2.c4 g6 3.d4 Bg7 4.Nc3 O-O 5.e4 d6 6.Be2 e5 7.Be3 Qe7 8.Qc2 exd4
9.Nxd4 Ng4 10.Bxg4 Bxg4 11.O-O c5 12.Nd5 Qd8 13.Nb5 Nc6 14.h3 Be6 15.Rad1 a6
16.Nxd6 Bxd5 17.cxd5 Nd4 18.Qxc5 Ne2+ 19.Kh1 Be5 20.Qc2 Nf4 21.Bxf4 Bxf4
22.Nc4 Rc8 23.Qd3 b5 24.Ne3 Qf6 25.Rd2 Rfd8 26.g3 Bb8 27.f4 Qb6 28.e5 Ba7
29.Re1 Qb7 30.Ng4 Rc4 31.Nf6+ Kg7 32.Qf3 Rdc8 33.Qe2 h5 34.Ne4 Rd4 35.Rxd4 Bxd4
36.Nf6 Rc4 37.Rf1 Qc8 38.f5 Rc1 39.Ne8+ Kf8 40.Nd6 Qc5 41.fxg6 Qxd5+ 42.Kh2 Rxf1
43.Qxf1 Bxe5 44.Nxf7 Qd2+ 45.Qg2 Qxg2+ 46.Kxg2 Bxb2 47.Kf3 Kg7 48.Ke4 b4
49.Ne5 Bxe5 50.Kxe5 a5 51.Kd4 a4 52.Kc4 b3 53.axb3 axb3 54.Kxb3 Kxg6 55.Kc4 Kf5
56.Kd5 h4 57.g4+ Kf4 58.Kd4 Kg3 59.g5 Kxh3 60.g6  1-0

[Event "Buenos Aires CA"]
[Site "Buenos Aires"]
[Date "1973.??.??"]
[Round "3"]
[White "Poch, Caesar G"]
[Black "Szmetan, Jorge"]
[Result "1/2-1/2"]
[WhiteElo "2300"]
[BlackElo "2390"]

1.c4 Nf6 2.Nf3 g6 3.Nc3 Bg7 4.e4 d6 5.d4 O-O 6.Be2 e5 7.d5 c5 8.Bg5 h6 9.Bd2 a6
10.Qc1 Kh7 11.h4 Ng4 12.h5 g5 13.Ng1 Nf6 14.Bd3 b5 15.cxb5 axb5 16.Nxb5 Ba6
17.a4 Nbd7 18.Ne2 Qb6 19.Qc4 Rfb8 20.Ra3 Qd8 21.Qc2 Bf8 22.Ng3 Ne8 23.O-O Ng7
24.Bc4 Nf6 25.Qd1 Bc8 26.b3 Bg4 27.Be2 Bd7 28.Ra1 Be7 29.Qc2 Qf8 30.Rfc1 g4
31.Qd1 Bd8 32.b4 Bb6 33.bxc5 Bxc5 34.Nc7 Bd4 35.Nxa8 Rxa8 36.Be3 Bxa1 37.Rxa1 Qd8
38.Qd2 Rxa4 39.Rxa4 Bxa4 40.Bxh6 Ngxh5 41.Nxh5 Nxh5 42.Bxg4 Ng7 43.Qg5 Qxg5
44.Bxg5 Bc2 45.f3 f5 46.exf5 Nxf5 47.Bxf5+ Bxf5 48.Be7 Bc2 49.Bxd6 Bb3 50.Bxe5 Bxd5
51.Kf2  1/2-1/2

[Event "Buenos Aires CA"]
[Site "Buenos Aires"]
[Date "1973.??.??"]
[Round "4"]
[White "Poch, Caesar G"]
[Black "Schweber, Samuel"]
[Result "0-1"]
[WhiteElo "2300"]
[BlackElo "2445"]

1.c4 e5 2.Nc3 d6 3.Nf3 g6 4.d4 Nd7 5.e4 Bg7 6.Be2 Ngf6 7.O-O O-O 8.d5 h6
9.Nd2 a5 10.Rb1 Nc5 11.b3 c6 12.a3 cxd5 13.cxd5 Bd7 14.Re1 Ne8 15.b4 axb4
16.axb4 Na4 17.Qb3 f5 18.Ra1 Nxc3 19.Qxc3 Rxa1 20.Qxa1 Nf6 21.Qa7 b5 22.f3 Qa8
23.Qxa8 Rxa8 24.Bd1 h5 25.Nb1 Rc8 26.Bd2 Kh7 27.Bb3 fxe4 28.fxe4 Bh6 29.Bxh6 Kxh6
30.h3 Nxe4 31.Rxe4 Rc1+ 32.Kf2 Rxb1 33.Re3 h4 34.g3 Rb2+ 35.Kg1 Bxh3 36.gxh4 Bf5  0-1

[Event "HUN-ch"]
[Site "?"]
[Date "1973.??.??"]
[Round "?"]
[White "Petran, Pal"]
[Black "Dely, Peter"]
[Result "1-0"]
[WhiteElo "2200"]
[BlackElo "2480"]

1.d4 Nf6 2.c4 g6 3.Nc3 Bg7 4.Nf3 O-O 5.e4 d6 6.Be2 e5 7.O-O Nbd7 8.Re1 c6
9.d5 c5 10.Bf1 Ne8 11.g3 Bf6 12.Bh6 Ng7 13.Qd2 Be7 14.Bg2 Nf6 15.Bg5 Ng4
16.Bxe7 Qxe7 17.h3 Nf6 18.Qh6 Bd7 19.Ng5 Rfb8 20.a4 Ngh5 21.Nf3 Ne8 22.Kh2 Nc7
23.Bf1 Rc8 24.Be2 Na6 25.Rg1 Qf6 26.Nh4 Qg7 27.Qd2 Nf6 28.g4 Ne8 29.Nf5 Qf6
30.Qh6 Bxf5 31.gxf5 Qg7 32.Qd2 Kh8 33.Rg3 Nf6 34.Rag1 Ng8 35.h4 Qh6 36.Qg5 Nc7
37.Rh3 Ne8 38.h5 Qxg5 39.Rxg5 Kg7 40.hxg6 hxg6 41.f4 exf4 42.fxg6 fxg6 43.e5 dxe5  1-0

[Event "HUN-ch"]
[Site "?"]
[Date "1973.??.??"]
[Round "?"]
[White "Bilek, Istvan"]
[Black "Honfi, Karoly"]
[Result "1/2-1/2"]
[WhiteElo "2500"]
[BlackElo "2445"]

1.c4 e5 2.Nc3 Nf6 3.Nf3 d6 4.d4 Nbd7 5.e4 g6 6.Be2 Bg7 7.O-O O-O 8.Re1 c6
9.Bf1 Re8 10.Rb1 exd4 11.Nxd4 Nc5 12.f3 a5 13.Be3 Nfd7 14.Qd2 Ne5 15.Rbd1 a4
16.Nc2 Qb6 17.Qc1 Bf8 18.Nd4 Qb4 19.Ndb5 Be6 20.Nd5 cxd5 21.Bd2 Qxb5 22.cxb5 dxe4
23.Rxe4 Nxe4 24.fxe4 Bxa2 25.Bc3 Bb3 26.Re1 h5 27.h3 Kh7 28.Qe3 Rac8 29.Kh1 Rc7
30.Be2 Bg7 31.b6 Rce7 32.Bb5 Rd8 33.Qd4 Bh8 34.Qb4 Re6 35.Rf1 Rf6 36.Rxf6 Bxf6
37.Bxa4 Bxa4 38.Qxa4 Kg7 39.Qb5 Nc6 40.Qd5 Be5  1/2-1/2

[Event "NLD-ch"]
[Site "Leeuwarden"]
[Date "1973.??.??"]
[Round "11"]
[White "Marcus, Joost"]
[Black "Sosonko, Gennadi"]
[Result "1/2-1/2"]
[WhiteElo "2395"]
[BlackElo "2430"]

1.Nf3 Nf6 2.c4 g6 3.Nc3 Bg7 4.e4 d6 5.d4 O-O 6.Be2 e5 7.Bg5 h6 8.Bh4 g5 9.Bg3 g4
10.Nh4 exd4 11.Qxd4 Re8 12.Qd3 Nbd7 13.f3 Nc5 14.Qd2 Nh5 15.O-O-O Nxg3 16.hxg3 a5
17.Nf5 Bxf5 18.exf5 Qg5 19.Qxg5 hxg5 20.Kd2 Bxc3+ 21.bxc3 Kg7 22.Rh5 gxf3
23.Bxf3 Ne4+ 24.Kc2 g4 25.Bxg4 Nf6 26.Rh4 Nxg4 27.Rxg4+ Kf6 28.Rf4 Re2+ 29.Rd2 Rae8
30.g4 R8e3 31.Rd4 Rxd2+ 32.Rxd2 Rg3 33.c5 dxc5 34.Rd7 Rxg2+ 35.Kb3 b5 36.Rxc7 c4+
37.Ka3 Rg3 38.Rc5 b4+ 39.Ka4 Rxc3 40.Kxa5 b3 41.axb3 Rxb3 42.Rxc4 Rb8 43.Rc7 Rg8
44.Rc4 Kg5 45.Kb4 Kh4 46.Kc3 Rxg4 47.Rc7 f6 48.Kd3 Kg5 49.Ke3 Kxf5 50.Rc5+ Kg6
51.Kf2 f5 52.Ra5 Kg5 53.Rb5 Ra4 54.Rb2 Kg4 55.Kg2 f4 56.Kf2 Ra8 57.Kg2 Rh8
58.Rb4 Ra8 59.Rb2 Ra3 60.Kh2 Rh3+ 61.Kg1 Kg3 62.Rg2+ Kf3 63.Rf2+ Ke3 64.Ra2 Rh8
65.Ra3+ Ke2 66.Ra2+ Kf3 67.Ra3+ Kg4 68.Kg2 Rb8 69.Rc3 Rb2+ 70.Kg1 Kf5 71.Ra3 Ke4
72.Kf1 Rd2 73.Rb3 Rd3 74.Rxd3 Kxd3 75.Kf2 Ke4 76.Ke2 f3+ 77.Kf2 Kf4 78.Kf1 Ke3
79.Ke1 f2+ 80.Kf1 Kf3  1/2-1/2

[Event "DSV-Turnier"]
[Site "Leipzig"]
[Date "1973.??.??"]
[Round "3"]
[White "Hort, Vlastimil"]
[Black "Vogt, Lothar"]
[Result "1-0"]
[WhiteElo "2590"]
[BlackElo "2440"]

1.d4 Nf6 2.c4 g6 3.Nc3 Bg7 4.e4 d6 5.Nf3 O-O 6.Be2 e5 7.d5 Nbd7 8.Bg5 h6
9.Bh4 g5 10.Bg3 Nh5 11.h4 g4 12.Nd2 f5 13.exf5 Ndf6 14.Bxg4 Nxg3 15.fxg3 Nxg4
16.Qxg4 Bxf5 17.Qe2 e4 18.O-O Qd7 19.Qe3 c5 20.dxc6 bxc6 21.Nb3 c5 22.Rad1 Qe6
23.Nd5 Rab8 24.Rd2 Bh7 25.Nf4 Qxc4 26.Rxd6 Rbd8 27.Rc6 Qc2 28.Rxc5 Qxb2 29.Rc7 a5
30.Rfc1 Qe5 31.R7c5 Qd6 32.Rxa5 Rc8 33.Rxc8 Rxc8 34.Rd5 Qa6 35.Nh5 Qe6 36.Rc5 Rxc5
37.Nxc5 Qxa2 38.Nxg7 Qa1+ 39.Kh2 Qxg7 40.Ne6 Qf6 41.Nf4 Bf5 42.Qb3+ Kf8 43.Qb8+ Kf7
44.Nd5 Qe6 45.Ne3 Bg6 46.g4 Kg7 47.Qc7+ Qf7 48.Qxf7+ Kxf7 49.Kg3 Ke6 50.Kf4 Bh7
51.g3 Kf6 52.h5 Ke6 53.Nf5 Kd5 54.Nxh6 Kd4 55.Nf5+ Bxf5 56.gxf5 e3 57.h6  1-0